00922nam a2200241Ii 45000010006000000050017000060080041000230200015000640400033000790820022001121000018001342450131001522500023002832640053003063000026003593360029003853370028004143380028004426500052004706510062005226510039005847000057006235234320260221161524.0241108s9999||||xx |||||||||||||| ||und|| a9580444796 aCO-ViMGAbspaerdacCO-ViMGA04a923.286bG14m2231 aHerbert Braun10aMataron a Gaitán:bVida pública y violencia urbana en Colombia cHerbert Braun ; traducción de Hernando Valencia Goelkel asegunda edición  1aBogotá: Colombia bGrupo Editorial Normac1998 a440 páginasc21 cm. atextobtxt2rdacontenido ano mediadobn2rdamedio avolumenbnc2rdasoporte17aInsurrección del 9 de abril de 1948.2BLAAUTO 4aColombia xHistoriayPeríodo de la violencia, 1947-1957 4aColombia xPolítica y gobierno. 1 aValencia Goelkel, Hernando, d1928-2004etraducción